000 00540nam a2200181 i 4500
001 123447
003 ES-MaACL
005 20230906192156.0
007 t|
008 070214s1933 sp c |||| |bspa d
080 _a929 Acuña, Rosario de
245 0 1 _a¿Quién fue Rosario de Acuña?.
260 _aMadrid :
_b[s.n.],
_c1933 (
_fArtes Gráficas)
300 _a15 p., [1] h. de lám. ;
_c22 cm.
599 _aLám.: retrato de Rosario de Acuña.
600 1 4 _aAcuña, Rosario de-
_xBiografías.
_918342
852 4 _aES-MaACL
_j1775-F-16
999 _c123447
_d123447